| 000 | 00536nam a2200229Ia 4500 | ||
|---|---|---|---|
| 003 | OSt | ||
| 005 | 20240712161334.0 | ||
| 008 | 240429s2017 xx 000 0 und d | ||
| 020 | _a9391566111 | ||
| 040 | _c | ||
| 041 | _aeng | ||
| 082 | _a658.06 | ||
| 082 | _bBRI | ||
| 100 | _aBrigham E F ; Ehrhardt M C | ||
| 245 | _aFinancial Management:Theory and Practice | ||
| 250 | _a15th | ||
| 260 |
_aNew Delhi _bCengage _c2017 |
||
| 300 | _a1153p | ||
| 365 |
_b1099 _cRs. |
||
| 650 | _aFinancial Management | ||
| 942 |
_2ddc _cBK |
||
| 999 |
_c1156270 _d1156270 |
||